000 00873nam a2200193 i 4500
001 135616
003 ES-MaACL
005 20240219223341.0
007 t|
008 070720s1922 sp ||||1| spa d
080 _a929.52 Cervantes Saavedra, Miguel de
100 1 _aTorre y del Cerro, Antonio de la.
_9110794
245 1 3 _aLa familia de Miguel de Cervantes Saavedra /
_cdiscurso leído por José de la Torre y del Cerro en su recepción como académico de Ciencias, Bellas Letras y Nobles Artes de Córdoba el día 4 de noviembre de 1922, y el de respuesta al mismo por José María Rey Díaz.
260 _aCórdoba :
_bLa Comercial,
_c1923.
600 1 4 _aCervantes Saavedra, Miguel de,
_d1547-1616-
_xFamilia
_937610
600 0 4 _aCervantes Saavedra, Miguel de,
_d1547-1616-
_xGenealogía
_937611
852 _aES-MaACL
_j1664-F-8
999 _c135616
_d135616